Statistics for Movies By 1 Actor and 1 Actress - Tom Hanks Edition

Click here to take the quiz!

General Stats

  • This quiz has been taken 18 times
  • The average score is 14 of 26

Answer Stats

CastMovie% Correct
Robin Wright, Gary SiniseForrest Gump
100%
Denzel Washington, Robert MaxwellPhiladelphia
88%
Michael Clarke Duncan, Bonnie HuntThe Green Mile
81%
Tim Allen, Annie PottsToy Story
81%
Meg Ryan, Victor GarberSleepless in Seattle
69%
Daryl Hannah, John CandySplash
69%
Audrey Tautou, Ian McKellenThe Da Vinci Code
69%
Stanley Tucci, Zoe SaldanaThe Terminal
69%
Meg Ryan, Dave ChappelleYou've Got Mail
69%
Elizabeth Perkins, David MoscowBig
63%
Leonardo DiCaprio, Amy AdamsCatch Me If You Can
63%
Meg Ryan, Lloyd BridgesJoe Versus the Volcano
63%
Austin Butler, Helen ThomsonElvis
56%
Kevin Bacon, Kathleen QuinlanApollo 13
50%
Aaron Eckhart, Anna GunnSully
44%
Shelley Long, Josh MostelThe Money Pit
44%
Emma Thompson, Colin FarrellSaving Mr. Banks
38%
Emma Watson, Patton OswaltThe Circle
38%
Geena Davis, Bill PullmanA League of Their Own
31%
Philip Seymour Hoffman, Amy AdamsCharlie Wilson's War
31%
Paul Newman, Jennifer Jason LeighRoad to Perdition
31%
Halle Berry, Hugo WeavingCloud Atlas
25%
Julia Roberts, Randall ParkLarry Crowne
25%
Bruce Dern, Carrie FisherThe Burbs
25%
Chris Cooper, Susan Kelechi WatsonA Beautiful Day in the Neighborhood
19%
Margot Robbie, Bryan CranstonAsteroid City
19%

Score Distribution

Percentile by Number Answered

Percent of People with Each Score

Your Score History

You have not taken this quiz